000
00313nam a2200121Ia 4500
008
240719s9999 xx 000 0 und d
041
_a
eng
082
_a
920 RAI
100
_a
Rai, Vinod
245
_a
Not Just A Nightwatchman: My Innings In The BCCI
260
_a
New Delhi
_b
Rupa
_c
2022
300
_a
221 P.; 22 Cm.
999
_c
41146
_d
41146